<?xml version="1.0" encoding="UTF-8"?><?xml-stylesheet type="text/xsl" href="static/style.xsl"?><OAI-PMH xmlns="http://www.openarchives.org/OAI/2.0/" xmlns:xsi="http://www.w3.org/2001/XMLSchema-instance" xsi:schemaLocation="http://www.openarchives.org/OAI/2.0/ http://www.openarchives.org/OAI/2.0/OAI-PMH.xsd"><responseDate>2026-06-29T02:46:15Z</responseDate><request verb="GetRecord" identifier="oai:docta.ucm.es:20.500.14352/125277" metadataPrefix="marc">https://docta.ucm.es/rest/oai/request</request><GetRecord><record><header><identifier>oai:docta.ucm.es:20.500.14352/125277</identifier><datestamp>2025-10-22T23:56:30Z</datestamp><setSpec>com_20.500.14352_14</setSpec><setSpec>col_20.500.14352_15</setSpec></header><metadata><record xmlns="http://www.loc.gov/MARC21/slim" xmlns:dcterms="http://purl.org/dc/terms/" xmlns:xsi="http://www.w3.org/2001/XMLSchema-instance" xmlns:doc="http://www.lyncode.com/xoai" xsi:schemaLocation="http://www.loc.gov/MARC21/slim http://www.loc.gov/standards/marcxml/schema/MARC21slim.xsd">
   <leader>00925njm 22002777a 4500</leader>
   <datafield ind2=" " ind1=" " tag="042">
      <subfield code="a">dc</subfield>
   </datafield>
   <datafield ind2=" " ind1=" " tag="720">
      <subfield code="a">Gimena Muñoz, Rocío</subfield>
      <subfield code="e">author</subfield>
   </datafield>
   <datafield ind2=" " ind1=" " tag="720">
      <subfield code="a">Valera Arévalo, Gemma</subfield>
      <subfield code="e">author</subfield>
   </datafield>
   <datafield ind2=" " ind1=" " tag="720">
      <subfield code="a">Rodríguez San Pedro, María del Mar</subfield>
      <subfield code="e">author</subfield>
   </datafield>
   <datafield ind2=" " ind1=" " tag="720">
      <subfield code="a">Pérez Fernández, María</subfield>
      <subfield code="e">author</subfield>
   </datafield>
   <datafield ind2=" " ind1=" " tag="720">
      <subfield code="a">Arévalo Serrano, Juan</subfield>
      <subfield code="e">author</subfield>
   </datafield>
   <datafield ind2=" " ind1=" " tag="720">
      <subfield code="a">S. Waikar, Sushrut</subfield>
      <subfield code="e">author</subfield>
   </datafield>
   <datafield ind2=" " ind1=" " tag="720">
      <subfield code="a">Ramírez Chamond, Rafael</subfield>
      <subfield code="e">author</subfield>
   </datafield>
   <datafield ind2=" " ind1=" " tag="720">
      <subfield code="a">Rodríguez Puyol, Diego</subfield>
      <subfield code="e">author</subfield>
   </datafield>
   <datafield ind2=" " ind1=" " tag="720">
      <subfield code="a">Carracedo Añón, Julia María</subfield>
      <subfield code="e">author</subfield>
   </datafield>
   <datafield ind2=" " ind1=" " tag="720">
      <subfield code="a">Martínez Miguel, Patricia</subfield>
      <subfield code="e">author</subfield>
   </datafield>
   <datafield ind2=" " ind1=" " tag="260">
      <subfield code="c">2025-09</subfield>
   </datafield>
   <datafield ind2=" " ind1=" " tag="520">
      <subfield code="a">Background
Frailty is a highly prevalent syndrome in patients with advanced age and chronic diseases, and it is associated with atherothrombotic pathologies, suggesting a procoagulant state in these patients. Circulating microvesicles (cMVs), are small phospholipid-rich vesicles, which have been shown to participate in atherothrombotic onset and progression. We aim to analyze frailty in patients with advanced chronic kidney disease (CKD), and to determine the role of microvesicles in this population.

Materials and methods
We conducted a prospective cohort study with 85 patients with advanced CKD. Our main objective was to evaluate frailty and its novel association with circulating microvesicles in advanced CKD. To define frailty, Fried’s five criteria were used and we obtained blood for cMVs analysis by flow cytometry.

Results
The prevalence of frailty in patients with advanced CKD was 27% (CI 95% 17-37%). We found that risk factors for frailty were age (OR 1.06; CI 95% to 1.11; p=0.027), type 2 diabetes mellitus (OR 5.77; CI 95% to 18.9; p=0.004) and hemoglobin (g/dL) (OR 0.63; CI 95% to 0.94; p=0.023). Total cMVs, platelet derived cMVs and endothelial derived cMVs were significantly higher in frail patients. In the predictive multivariable binary logistic regression model over frailty, three predictors explain 41% of the variability of frailty (Nagelkerke square R = 0.41; p &lt;0.001) with the following contribution: T2DM (19%), total cMVs (14%) and hemoglobin (8%).

Discussion
Frailty is highly prevalent in patients with advanced CKD. Although we still do not know in depth the mechanisms involved in frailty, to our knowledge this is the first study that links cMVs and frailty in patients with advanced CKD. In our opinion it could be explored as a good biomarker or therapeutic target in advanced CKD.</subfield>
   </datafield>
   <datafield ind1="8" ind2=" " tag="024">
      <subfield code="a">Gimena Muñoz R, Valera Arévalo G, Rodríguez San Pedro MdM, Pérez Fernández M, Arévalo Serrano J, S. Waikar S, et al. (2025) Assessment of frailty in patients with advanced chronic kidney disease, and the role of microvesicles: A single-center study. PLoS One 20(9): e0332653. https://doi.org/10.1371/journal.pone.0332653</subfield>
   </datafield>
   <datafield ind1="8" ind2=" " tag="024">
      <subfield code="a">10.1371/journal.pone.0332653</subfield>
   </datafield>
   <datafield ind1="8" ind2=" " tag="024">
      <subfield code="a">https://hdl.handle.net/20.500.14352/125277</subfield>
   </datafield>
   <datafield ind1="8" ind2=" " tag="024">
      <subfield code="a">1932-6203</subfield>
   </datafield>
   <datafield ind1="8" ind2=" " tag="024">
      <subfield code="a">https://doi.org/10.1371/journal.pone.0332653</subfield>
   </datafield>
   <datafield ind1="8" ind2=" " tag="024">
      <subfield code="a">https://journals.plos.org/plosone/article?id=10.1371/journal.pone.0332653</subfield>
   </datafield>
   <datafield ind2="0" ind1="0" tag="245">
      <subfield code="a">Assessment of frailty in patients with advanced chronic kidney disease, and the role of microvesicles: A single-center study</subfield>
   </datafield>
</record></metadata></record></GetRecord></OAI-PMH>